[Event "Bad Woerishofen op"]
[Site "?"]
[Date "2003.??.??"]
[Round "8"]
[White "Feicht, Roland"]
[Black "Friedrich, Wolfgang"]
[Result "0-1"]
[WhiteElo "1516"]
[BlackElo "2079"]
[Annotator "ChessOrg"]
[PlyCount "60"]

1. e4 c5 2. Nf3 Nc6 3. Bb5 g6 4. O-O Bg7 5. Bxc6 bxc6 6. e5 d5 7. exd6 exd6 8.
Re1+ Ne7 9. Qe2 a5 10. c4 Ra7 11. d4 cxd4 12. Nbd2 O-O 13. Ne4 d5 14. cxd5 Nxd5
15. Nc5 Qd6 16. Qc4 Nb6 17. Qc2 Bf5 18. Nd3 Bxd3 19. Qxd3 c5 20. b3 Nd5 21. Ba3
Nb4 22. Bxb4 axb4 23. Nd2 Rfa8 24. Nc4 Qc6 25. Re2 f5 26. f4 Kf8 27. Ne5 Bxe5
28. fxe5 Qd5 29. Qh3 d3 30. Qh6+ Kg8 0-1

[Event "Bad Woerishofen op"]
[Site "?"]
[Date "2003.??.??"]
[Round "8"]
[White "Ring, Gregor"]
[Black "Spenk, Willi"]
[Result "1-0"]
[WhiteElo "1978"]
[BlackElo "1570"]
[Annotator "ChessOrg"]
[PlyCount "89"]

1. e4 d6 2. d4 g6 3. Nf3 Bg7 4. Bd3 Nf6 5. O-O O-O 6. h3 c5 7. c3 b6 8. Re1 Bb7
9. Bg5 h6 10. Bh4 Nbd7 11. e5 dxe5 12. dxe5 Nd5 13. e6 g5 14. exf7+ Rxf7 15.
Bg3 Nf4 16. Bc4 Qf8 17. Qxd7 Nxh3+ 18. Kh2 Bxf3 19. gxf3 g4 20. Qxg4 Ng5 21.
Nd2 Kh8 22. Bxf7 Qxf7 23. f4 Nh7 24. Nf3 Nf6 25. Qh3 Rf8 26. Ng5 Qd5 27. Ne6
Rg8 28. b3 Qf3 29. Qg2 Ng4+ 30. Kg1 Qxg2+ 31. Kxg2 Bxc3 32. Rad1 Bxe1 33. Rxe1
Nf6 34. Rh1 Kh7 35. Ng5+ Kg6 36. Nf3 Rd8 37. Ne5+ Kh7 38. Rxh6+ Kg7 39. Rh1 Rd2
40. Ra1 Ne4 41. Nc6 e6 42. Nxa7 Nc3 43. Nc8 b5 44. f5 exf5 45. Be5+ 1-0

[Event "Bad Woerishofen op"]
[Site "?"]
[Date "2003.??.??"]
[Round "8"]
[White "Nepple, Rolf"]
[Black "Heinrich, Olaf"]
[Result "1/2-1/2"]
[WhiteElo "1570"]
[BlackElo "1751"]
[Annotator "ChessOrg"]
[PlyCount "119"]

1. e4 g6 2. Bc4 Bg7 3. Nf3 d6 4. d3 Nf6 5. c3 O-O 6. Be3 Nc6 7. a3 a6 8. O-O
Bg4 9. Nbd2 Ne5 10. Qc2 Nxc4 11. Nxc4 Bxf3 12. gxf3 e5 13. Qe2 Nh5 14. Kh1 f5
15. Rg1 f4 16. Bc1 Qd7 17. b4 Rad8 18. Nd2 d5 19. Nb3 b6 20. Bb2 dxe4 21. dxe4
Qd3 22. Qd1 Rd7 23. Qxd3 Rxd3 24. Rad1 Rfd8 25. Rxd3 Rxd3 26. Kg2 Bf6 27. Re1
Ng7 28. Re2 Rd1 29. Rd2 Rb1 30. Nc1 Ne8 31. Nd3 Nd6 32. Rc2 Nc4 33. Rc1 Rxc1
34. Bxc1 Kf7 35. a4 Ke6 36. Kf1 Be7 37. Ke2 Kf6 38. Nb2 Nd6 39. Bd2 Kg5 40. Kf1
Kh4 41. Kg2 g5 42. h3 h5 43. Be1 g4 44. hxg4 hxg4 45. fxg4 Kxg4 46. f3+ Kg5 47.
Kf1 Kh5 48. Ke2 Bh4 49. Bd2 Bg3 50. Nd3 Nc4 51. Bc1 Kh4 52. Nb2 Nd6 53. Nd3 Nf7
54. Bd2 Kg5 55. Bc1 Kf6 56. Nb2 Nd6 57. Bd2 Bh4 58. Bc1 Ke6 59. Bd2 Be7 60. Kd3
1/2-1/2

[Event "Bad Woerishofen op"]
[Site "?"]
[Date "2003.??.??"]
[Round "8"]
[White "Schwarz, Gerd"]
[Black "Haeuser, Marco"]
[Result "1-0"]
[WhiteElo "1748"]
[BlackElo "1398"]
[Annotator "ChessOrg"]
[PlyCount "111"]

1. e4 d5 2. exd5 Nf6 3. c4 e6 4. dxe6 Bxe6 5. Nc3 Qe7 6. Qe2 Nc6 7. Nf3 O-O-O
8. a3 Na5 9. d3 Nb3 10. Rb1 g6 11. Be3 Ng4 12. Bg5 f6 13. Be3 Rd7 14. h3 Nxe3
15. Qxe3 Bf5 16. Nd5 Qxe3+ 17. fxe3 Bd6 18. e4 Bg3+ 19. Kd1 Bxe4 20. dxe4 c6
21. Kc2 cxd5 22. Kxb3 dxe4 23. Nh2 Re8 24. Ng4 Re6 25. c5 f5 26. Bc4 Ree7 27.
Ne3 Re5 28. Rhd1 Rxd1 29. Rxd1 Rxc5 30. Be6+ Kc7 31. Rd7+ Kc6 32. Rxh7 Bf4 33.
Bd7+ Kd6 34. Nc4+ Kd5 35. Be8 Kd4 36. Rd7+ Rd5 37. Rxb7 e3 38. Nxe3 Kxe3 39.
Rxa7 g5 40. Bc6 Rd6 41. Bf3 Rb6+ 42. Kc2 Kf2 43. a4 Be5 44. Rb7 Rxb7 45. Bxb7
g4 46. hxg4 fxg4 47. a5 Ke3 48. a6 Bd4 49. Kb3 Kd3 50. Bd5 Bc5 51. Ka4 Kd4 52.
Be6 g3 53. b4 Ba7 54. Kb5 Ke5 55. Kc6 Kxe6 56. b5 1-0

[Event "Bad Woerishofen op"]
[Site "?"]
[Date "2003.??.??"]
[Round "8"]
[White "Schweitzer, Paul"]
[Black "Schenfeld, Waldemar"]
[Result "1/2-1/2"]
[WhiteElo "1743"]
[BlackElo "1462"]
[Annotator "ChessOrg"]
[PlyCount "102"]

1. c4 c5 2. Nf3 Nc6 3. g3 e6 4. a3 Nf6 5. Bg2 b6 6. O-O Bb7 7. Nc3 d6 8. Re1
Be7 9. e4 Rb8 10. d3 O-O 11. Bg5 Re8 12. h4 h6 13. Bd2 e5 14. Nh2 Bc8 15. Qb1
Bd7 16. b4 a6 17. Nd5 Nxd5 18. exd5 Nd4 19. Bc3 Bf6 20. Be4 Qc8 21. Bxd4 cxd4
22. Qd1 Rb7 23. a4 b5 24. axb5 axb5 25. Rc1 Rc7 26. Qe2 bxc4 27. Rxc4 Bb5 28.
Rxc7 Qxc7 29. Qb2 Rc8 30. Bf5 Qc3 31. Rb1 Qxb2 32. Rxb2 Rc3 33. Ng4 Be7 34. h5
Bxd3 35. Bxd3 Rxd3 36. b5 Rc3 37. b6 Rc8 38. b7 Rb8 39. f4 f5 40. Nf2 e4 41.
Kf1 Kf8 42. Rb4 Bf6 43. g4 e3 44. g5 hxg5 45. fxg5 Bxg5 46. Nd3 Ke7 47. Rb6 Kd7
48. Ke2 Kc7 49. Rc6+ Kxb7 50. Rxd6 Rd8 51. Nc5+ Kb8 1/2-1/2

[Event "Bad Woerishofen op"]
[Site "?"]
[Date "2003.??.??"]
[Round "8"]
[White "Dahmen, Juergen"]
[Black "Reichenbacher, Gerhard"]
[Result "1/2-1/2"]
[WhiteElo "1560"]
[BlackElo "1742"]
[Annotator "ChessOrg"]
[PlyCount "81"]

1. c4 Nf6 2. Nc3 g6 3. Nf3 Bg7 4. d4 O-O 5. e4 d6 6. Be2 e5 7. dxe5 dxe5 8.
Qxd8 Rxd8 9. Bg5 Nbd7 10. O-O-O c6 11. Nxe5 Re8 12. Nxd7 Nxd7 13. f3 Nb6 14.
Kc2 Be6 15. b3 a5 16. a4 Nd7 17. Rd2 h6 18. Bh4 Nc5 19. Rhd1 g5 20. Bf2 Na6 21.
Na2 b5 22. Bb6 bxa4 23. bxa4 Bf6 24. Bxa5 Nc5 25. Bc3 Be7 26. Bb4 Rxa4 27. Kb1
Nb3 28. Rb2 c5 29. Rxb3 cxb4 30. Rd2 Rea8 31. g3 Bc5 32. f4 Ra3 33. Rxa3 Rxa3
34. Nc1 gxf4 35. gxf4 Rc3 36. Rc2 Rh3 37. Bf1 Re3 38. Bd3 Bg4 39. Ka2 Bd1 40.
Rd2 Bf3 41. e5 1/2-1/2

[Event "Bad Woerishofen op"]
[Site "?"]
[Date "2003.??.??"]
[Round "8"]
[White "Dittler, Volkfried"]
[Black "Steffl, Herbert"]
[Result "0-1"]
[WhiteElo "1500"]
[BlackElo "1639"]
[Annotator "ChessOrg"]
[PlyCount "62"]

1. d4 d5 2. Nf3 Nf6 3. e3 b6 4. c4 e6 5. cxd5 exd5 6. Nc3 Be7 7. Qc2 a6 8. Bd3
Bb7 9. O-O Nbd7 10. Re1 O-O 11. b3 Rc8 12. Bb2 c5 13. dxc5 Nxc5 14. Bf5 Rc7 15.
Rac1 Nfe4 16. Nxe4 dxe4 17. Nd4 Bd6 18. Qb1 Nd3 19. Rxc7 Qxc7 20. Re2 Bxh2+ 21.
Kh1 Be5 22. Ba3 Re8 23. Rc2 Qd8 24. g3 g6 25. Bh3 Qf6 26. Kg1 Bxd4 27. exd4 e3
28. fxe3 Qf3 29. Kh2 Rxe3 30. Bd6 Re1 31. Bg2 Qh5+ 0-1

[Event "Bad Woerishofen op"]
[Site "?"]
[Date "2003.??.??"]
[Round "8"]
[White "Weber, Ludwig"]
[Black "Rothenhagen, Siegfried"]
[Result "0-1"]
[WhiteElo "1460"]
[BlackElo "1620"]
[Annotator "ChessOrg"]
[PlyCount "92"]

1. d3 d5 2. Nd2 Nf6 3. c3 e6 4. Qc2 Bc5 5. e4 d4 6. c4 e5 7. h3 O-O 8. Ndf3 Nc6
9. Bd2 Re8 10. g4 Qe7 11. O-O-O a6 12. Ne2 Rb8 13. Ng3 b5 14. Kb1 bxc4 15. dxc4
Ba3 16. b3 Nb4 17. Bxb4 Qxb4 18. Rd3 Bb7 19. Nd2 Nd7 20. Rf3 Nc5 21. Ka1 a5 22.
Nb1 Ne6 23. Nxa3 Qxa3 24. Be2 Ng5 25. Rd3 Nxe4 26. Rb1 Qb4 27. Qb2 Nxf2 28. Rd2
Ne4 29. Nxe4 Bxe4 30. Rg1 Qd6 31. Re1 a4 32. Bd3 Bxd3 33. Rxd3 c5 34. Rf1 e4
35. Rdd1 Rb4 36. Qf2 Re7 37. Qf5 Qd7 38. Qxc5 Qb7 39. Rxd4 Re8 40. Re1 axb3 41.
Rexe4 Ra8 42. Qd6 g6 43. Re7 Qg2 44. Rd2 Rxa2+ 45. Kb1 Qa8 46. Qxb4 Qh1+ 0-1

[Event "Bad Woerishofen op"]
[Site "?"]
[Date "2003.??.??"]
[Round "8"]
[White "Koenig, Christian"]
[Black "Dierich, Jochen"]
[Result "1/2-1/2"]
[WhiteElo "2139"]
[BlackElo "1876"]
[Annotator "ChessOrg"]
[PlyCount "83"]

1. e4 g6 2. d4 Bg7 3. Nc3 d6 4. Be3 c6 5. Qd2 b5 6. a4 b4 7. Nd1 a5 8. c3 bxc3
9. bxc3 Nf6 10. f3 h5 11. Bd3 Ba6 12. Nf2 Nbd7 13. Ne2 Bxd3 14. Nxd3 Qc7 15.
O-O O-O 16. Bh6 e5 17. h3 Kh7 18. Be3 Rae8 19. g4 d5 20. g5 Ng8 21. exd5 cxd5
22. f4 e4 23. Ne5 f6 24. gxf6 Rxf6 25. c4 dxc4 26. Nc3 Ra6 27. Nxe4 Nh6 28.
Rac1 Nxe5 29. dxe5 Nf5 30. Bc5 Ng3 31. Ng5+ Kh8 32. Qd5 Nxf1 33. Rxf1 Rc6 34.
Bd4 c3 35. Nf7+ Kh7 36. f5 c2 37. Ng5+ Kh8 38. Nf7+ Kh7 39. Rc1 gxf5 40. Ng5+
Kh8 41. Nf7+ Kh7 42. Ng5+ 1/2-1/2

[Event "Bad Woerishofen op"]
[Site "?"]
[Date "2003.??.??"]
[Round "8"]
[White "Mueller, Wolfgang"]
[Black "Breiter, Juergen"]
[Result "1-0"]
[WhiteElo "1574"]
[BlackElo "1308"]
[Annotator "ChessOrg"]
[PlyCount "75"]

1. e4 e5 2. Nf3 d6 3. d4 Nc6 4. Bb5 Bd7 5. a4 a6 6. Bc4 Be7 7. O-O Nf6 8. Re1
O-O 9. Bg5 h6 10. Bxf6 Bxf6 11. d5 Na7 12. h3 b5 13. Bb3 bxa4 14. Bxa4 Bxa4 15.
Rxa4 Nc8 16. Qd3 Nb6 17. Rxa6 Rxa6 18. Qxa6 Qa8 19. Qxa8 Rxa8 20. b3 Ra2 21.
Rc1 Ra8 22. Nc3 Rc8 23. Nb5 Be7 24. c4 Nd7 25. Na7 Ra8 26. Nc6 Kf8 27. b4 Nb8
28. Nxe7 Kxe7 29. c5 dxc5 30. bxc5 f6 31. Nh4 Kf7 32. Nf5 Nd7 33. c6 Nb6 34. d6
cxd6 35. Nxd6+ Ke7 36. Nf5+ Kf7 37. c7 Nc8 38. Rd1 1-0

[Event "Bad Woerishofen op"]
[Site "?"]
[Date "2003.??.??"]
[Round "8"]
[White "Klein, Thomas"]
[Black "Vu Van, Anh"]
[Result "0-1"]
[WhiteElo "1547"]
[BlackElo "1700"]
[Annotator "ChessOrg"]
[PlyCount "36"]

1. e4 e6 2. d4 d5 3. e5 Ne7 4. Nf3 Ng6 5. Bd3 c5 6. c3 Nc6 7. Be3 Be7 8. Nbd2
cxd4 9. cxd4 Bd7 10. Rc1 Qb6 11. Nb3 O-O 12. O-O Na5 13. Nc5 Bxc5 14. Rxc5 Rac8
15. Qc2 Rxc5 16. Qxc5 Qxc5 17. dxc5 Rc8 18. Nd2 Nxe5 0-1

[Event "Bad Woerishofen op"]
[Site "?"]
[Date "2003.??.??"]
[Round "8"]
[White "Jaenig, Reinhard"]
[Black "Burkhardt, Wilfried"]
[Result "1-0"]
[WhiteElo "2168"]
[BlackElo "2062"]
[Annotator "ChessOrg"]
[PlyCount "99"]

1. e4 e6 2. d4 d5 3. Nc3 Bb4 4. e5 c5 5. a3 Bxc3+ 6. bxc3 Qc7 7. Qg4 Ne7 8.
Qxg7 Rg8 9. Qxh7 cxd4 10. Ne2 Nbc6 11. f4 Bd7 12. Qd3 dxc3 13. Nxc3 a6 14. Rb1
Na5 15. h4 Bc6 16. Rh3 Nf5 17. h5 O-O-O 18. h6 Rg6 19. h7 Rh8 20. a4 Rg7 21.
Ba3 Qd8 22. Bc5 Nc4 23. Bf2 f6 24. exf6 Qxf6 25. Ne2 e5 26. Rh5 e4 27. Qh3 Bd7
28. Qb3 Be8 29. Rxf5 Qxf5 30. Bd4 Rhxh7 31. Bxg7 Rxg7 32. g4 Qd7 33. g5 Qxa4
34. Qxa4 Bxa4 35. Nd4 Bd7 36. Bxc4 dxc4 37. Rb6 Bg4 38. Rf6 Rd7 39. c3 Kd8 40.
g6 Ke8 41. Kf2 Re7 42. Ke3 Bd7 43. f5 a5 44. Rb6 Bc8 45. f6 Re5 46. Nb5 Kf8 47.
Nd6 Rc5 48. Nxc8 Rxc8 49. Rxb7 Ra8 50. Rh7 1-0

[Event "Bad Woerishofen op"]
[Site "?"]
[Date "2003.??.??"]
[Round "8"]
[White "Dittlow, Holger"]
[Black "Wiessner, Johann"]
[Result "0-1"]
[WhiteElo "1430"]
[BlackElo "1586"]
[Annotator "ChessOrg"]
[PlyCount "68"]

1. d4 d5 2. c4 c6 3. Nc3 Nf6 4. e3 Bf5 5. Qb3 Qc7 6. cxd5 cxd5 7. Nxd5 Qa5+ 8.
Nc3 Nbd7 9. Bd2 Qc7 10. Nf3 h6 11. Rc1 Rc8 12. Be2 Qb8 13. O-O e6 14. Bb5 Bd6
15. h3 O-O 16. Rfe1 e5 17. dxe5 Nxe5 18. Nd4 Bg6 19. Nd5 Nxd5 20. Qxd5 a6 21.
Rxc8 Rxc8 22. Be2 Rc5 23. Qb3 Qc8 24. Bb4 Rc1 25. Rf1 Rxf1+ 26. Bxf1 Bxb4 27.
Qxb4 Qc1 28. Nb3 Qxb2 29. Qd2 Qb1 30. Qd8+ Kh7 31. Nc5 Qxa2 32. Bd3 Nxd3 33.
Nxd3 Qb1+ 34. Kh2 Qxd3 0-1

[Event "Bad Woerishofen op"]
[Site "?"]
[Date "2003.??.??"]
[Round "8"]
[White "Prigge, Joerg"]
[Black "Lang, Ludwig"]
[Result "1-0"]
[WhiteElo "1543"]
[BlackElo "1101"]
[Annotator "ChessOrg"]
[PlyCount "57"]

1. d4 d5 2. c4 c6 3. Nf3 e6 4. g3 Be7 5. Bg2 Nf6 6. Nc3 O-O 7. O-O b6 8. cxd5
cxd5 9. Bf4 Bd6 10. Bxd6 Qxd6 11. Rc1 Bb7 12. Nb5 Qd7 13. Nc7 Na6 14. Ne5 Qd8
15. Nxa8 Qxa8 16. a3 Rd8 17. b4 Nd7 18. f4 f6 19. Nd3 Nab8 20. b5 e5 21. fxe5
fxe5 22. e3 e4 23. Nf4 Nf6 24. Ne6 Rd7 25. Nc7 Rxc7 26. Rxc7 Ne8 27. Qc2 Nxc7
28. Qxc7 h6 29. Qf7+ 1-0

[Event "Bad Woerishofen op"]
[Site "?"]
[Date "2003.??.??"]
[Round "8"]
[White "Schaumann, Rudolf"]
[Black "Werninghaus, Klaus-Peter"]
[Result "0-1"]
[WhiteElo "1283"]
[BlackElo "1504"]
[Annotator "ChessOrg"]
[PlyCount "121"]

1. Nf3 Nf6 2. Nc3 d5 3. d4 e6 4. g3 c5 5. Bf4 Nc6 6. Nb5 Qa5+ 7. Nc3 Ne4 8. Bd2
Nxc3 9. Bxc3 Qb6 10. a3 cxd4 11. Nxd4 Bc5 12. e3 Nxd4 13. exd4 Bd6 14. Bg2 Bd7
15. O-O O-O 16. Re1 Bc6 17. h4 Rfe8 18. f4 e5 19. fxe5 Bxe5 20. Kh2 Bd6 21. Qh5
Qc7 22. Qf3 Re4 23. Rxe4 dxe4 24. Qe3 Re8 25. Bh3 Qe7 26. Qg5 e3 27. d5 Qxg5
28. hxg5 Bxd5 29. Re1 Bc5 30. Bf1 Bf3 31. Be2 Bxe2 32. Rxe2 Re6 33. Kh3 f5 34.
gxf6 gxf6 35. Kg4 Kf7 36. Kf3 Kg6 37. b4 Bb6 38. Be1 h5 39. c4 Bd4 40. c5 f5
41. Rc2 Kf6 42. b5 Ke7 43. a4 Kd7 44. Rc4 Bf6 45. Ke2 Bg5 46. Rd4+ Ke7 47. Bb4
Kf6 48. Rc4 Re4 49. Rxe4 fxe4 50. Ba5 Ke6 51. Bc7 Kd5 52. b6 a6 53. Bd6 Bf6 54.
Kxe3 Bd4+ 55. Kf4 Bxc5 56. Bxc5 Kxc5 57. Kxe4 Kxb6 58. Kf4 Ka5 59. Kg5 Kxa4 60.
Kxh5 b5 61. g4 0-1

[Event "Bad Woerishofen op"]
[Site "?"]
[Date "2003.??.??"]
[Round "8"]
[White "Kuhn, Hans"]
[Black "Dornreiter, Michael"]
[Result "1/2-1/2"]
[WhiteElo "1311"]
[BlackElo "1475"]
[Annotator "ChessOrg"]
[PlyCount "50"]

1. e4 e6 2. Nf3 Nc6 3. d4 d5 4. exd5 exd5 5. Be2 Bg4 6. c3 Bxf3 7. Bxf3 Qe7+ 8.
Be3 O-O-O 9. O-O Nf6 10. b4 h6 11. a4 g5 12. a5 Qd7 13. h3 Rg8 14. Bg4 Nxg4 15.
Qxg4 Qxg4 16. hxg4 Bd6 17. Nd2 Rdf8 18. b5 Nb8 19. c4 Bb4 20. c5 Bxd2 21. Bxd2
f5 22. gxf5 Rxf5 23. b6 a6 24. bxc7 Kxc7 25. Rab1 Nc6 1/2-1/2

[Event "Bad Woerishofen op"]
[Site "?"]
[Date "2003.??.??"]
[Round "9"]
[White "Kveinys, Aloyzas"]
[Black "Georgiev, Vladimir"]
[Result "1/2-1/2"]
[WhiteElo "2541"]
[BlackElo "2549"]
[Annotator "ChessOrg"]
[PlyCount "20"]

1. e4 c5 2. Nf3 a6 3. g3 e6 4. Bg2 Nc6 5. O-O b5 6. c3 Nf6 7. e5 Nd5 8. d3 Nb6
9. Nbd2 d5 10. exd6 Bxd6 1/2-1/2

[Event "Bad Woerishofen op"]
[Site "?"]
[Date "2003.??.??"]
[Round "9"]
[White "Gutman, Lev"]
[Black "Teske, Henrik"]
[Result "1/2-1/2"]
[WhiteElo "2495"]
[BlackElo "2531"]
[Annotator "ChessOrg"]
[PlyCount "82"]

1. Nf3 c5 2. g3 Nc6 3. Bg2 g6 4. O-O Bg7 5. Nc3 e5 6. a3 a5 7. Nb5 d5 8. c4
dxc4 9. Qc2 Nge7 10. Qxc4 b6 11. Ng5 O-O 12. Qh4 h6 13. Ne4 Be6 14. d3 Nd5 15.
Qxd8 Raxd8 16. Nec3 Nd4 17. Nxd4 cxd4 18. Nxd5 Bxd5 19. Bd2 Bxg2 20. Kxg2 Rc8
21. Rac1 f5 22. a4 Kf7 23. b3 Ke6 24. Rc4 Rxc4 25. bxc4 Rc8 26. Rb1 Rc6 27. Kf3
h5 28. h3 Bf8 29. g4 hxg4+ 30. hxg4 Bc5 31. Rh1 Rc8 32. gxf5+ gxf5 33. Rh6+ Kd7
34. e3 dxe3 35. fxe3 e4+ 36. dxe4 fxe4+ 37. Kxe4 Bb4 38. Bxb4 Rxc4+ 39. Kd5
Rxb4 40. e4 b5 41. Rh7+ Ke8 1/2-1/2

[Event "Bad Woerishofen op"]
[Site "?"]
[Date "2003.??.??"]
[Round "9"]
[White "Miladinovic, Igor"]
[Black "Levin, Felix"]
[Result "0-1"]
[WhiteElo "2526"]
[BlackElo "2523"]
[Annotator "ChessOrg"]
[PlyCount "50"]

1. d4 d5 2. c4 dxc4 3. e3 Nf6 4. Bxc4 e6 5. Nc3 a6 6. Qf3 Nbd7 7. Nge2 c5 8. g4
h6 9. h4 g6 10. Nf4 e5 11. Nfd5 Bg7 12. dxc5 Nxc5 13. g5 hxg5 14. hxg5 Rxh1+
15. Qxh1 Nxd5 16. Qxd5 Qe7 17. b4 e4 18. Bb2 Nd3+ 19. Bxd3 exd3 20. Qa5 Bg4 21.
Nd5 Bxb2 22. Nxe7 Bc3+ 23. Kf1 Bxa1 24. b5 Rd8 25. bxa6 d2 0-1

[Event "Bad Woerishofen op"]
[Site "?"]
[Date "2003.??.??"]
[Round "9"]
[White "Kritz, Leonid"]
[Black "Pirrot, Dieter"]
[Result "1/2-1/2"]
[WhiteElo "2484"]
[BlackElo "2411"]
[Annotator "ChessOrg"]
[PlyCount "109"]

1. e4 e5 2. Nf3 Nf6 3. Nxe5 d6 4. Nf3 Nxe4 5. d4 d5 6. Bd3 Bd6 7. O-O O-O 8.
Re1 f5 9. c4 Be6 10. Qb3 Nc6 11. c5 Nxd4 12. Nxd4 Bxh2+ 13. Kf1 Qh4 14. Qc2 Bg3
15. fxg3 Qh1+ 16. Ke2 Qxg2+ 17. Kd1 Nf2+ 18. Qxf2 Qxf2 19. Nxe6 Qxg3 20. Be2
Rfe8 21. Nf4 Re4 22. Rf1 Rae8 23. Nc3 Rd4+ 24. Kc2 g5 25. Bd2 Rxd2+ 26. Kxd2
Qe3+ 27. Kc2 gxf4 28. Bh5 Re4 29. Nxd5 Qxc5+ 30. Nc3 b5 31. a3 a5 32. Rad1 b4
33. Rd5 Qc4 34. Rg1+ Kf8 35. Rxf5+ Ke7 36. Rf7+ Kd6 37. Rd1+ Ke6 38. Rxh7 Kf6
39. Rf7+ Kg5 40. Rg1+ Kh6 41. Bg6 Re2+ 42. Kc1 Re1+ 43. Rxe1 Kxg6 44. Ree7 bxc3
45. Rg7+ Kf6 46. Rxc7 cxb2+ 47. Kxb2 Qd5 48. Kc3 a4 49. Rgd7 Qb3+ 50. Kd4 Qe3+
51. Kc4 Qxa3 52. Rc6+ Kf5 53. Rd5+ Kg4 54. Rg6+ Kh4 55. Rh6+ 1/2-1/2

[Event "Bad Woerishofen op"]
[Site "?"]
[Date "2003.??.??"]
[Round "9"]
[White "Handke, Florian"]
[Black "Dittmar, Peter"]
[Result "1-0"]
[WhiteElo "2516"]
[BlackElo "2320"]
[Annotator "ChessOrg"]
[PlyCount "71"]

1. e4 c6 2. d4 d5 3. e5 Bf5 4. Nf3 e6 5. Be2 Nd7 6. O-O Ne7 7. Nh4 Bg6 8. Nd2
c5 9. c3 Nc6 10. Nxg6 hxg6 11. Nf3 Qb6 12. h4 Rc8 13. g3 Be7 14. Kg2 cxd4 15.
cxd4 Na5 16. b3 Nc6 17. Rb1 a6 18. Bb2 Na7 19. Qd2 Nb5 20. Rbc1 O-O 21. Bd3 Rc6
22. h5 gxh5 23. Rh1 Rxc1 24. Qxc1 f5 25. Rxh5 Kf7 26. g4 fxg4 27. Ng5+ Ke8 28.
Qc8+ Bd8 29. a4 Nxe5 30. Bxb5+ axb5 31. Nxe6 Nd7 32. Nxf8 Nxf8 33. axb5 Qg6 34.
Re5+ Kf7 35. Qxd8 g3 36. Qxd5+ 1-0

[Event "Bad Woerishofen op"]
[Site "?"]
[Date "2003.??.??"]
[Round "9"]
[White "Meier, Volker"]
[Black "Kuprejchik, Victor"]
[Result "1-0"]
[WhiteElo "2294"]
[BlackElo "2490"]
[Annotator "ChessOrg"]
[PlyCount "79"]

1. e4 c5 2. Nf3 d6 3. d4 cxd4 4. Qxd4 Bd7 5. c4 Nc6 6. Qd2 g6 7. b3 Bg7 8. Bb2
Nf6 9. Nc3 O-O 10. h3 Qa5 11. Bd3 Rac8 12. O-O Rfe8 13. Rfe1 a6 14. a3 Qh5 15.
Qe2 Na5 16. b4 Nc6 17. Rad1 e5 18. Bb1 Bf8 19. Ba2 g5 20. b5 Nd8 21. bxa6 bxa6
22. Nh2 Qg6 23. c5 Rxc5 24. Qxa6 Ne6 25. Rxd6 Bc8 26. Qd3 Bxd6 27. Qxd6 Rd8 28.
Qb6 Nd7 29. Qb4 Nf4 30. Rd1 Qc6 31. g3 Nxh3+ 32. Kg2 g4 33. Nxg4 Qg6 34. Kxh3
Re8 35. Rxd7 Bxd7 36. Qxc5 Qxg4+ 37. Kg2 Rc8 38. Qxe5 Qh3+ 39. Kg1 Rc6 40. Nd5
1-0

[Event "Bad Woerishofen op"]
[Site "?"]
[Date "2003.??.??"]
[Round "9"]
[White "Seifert, Volker"]
[Black "Kunin, Vitaly"]
[Result "1-0"]
[WhiteElo "2310"]
[BlackElo "2476"]
[Annotator "ChessOrg"]
[PlyCount "81"]

1. d4 Nf6 2. c4 e6 3. Nc3 Bb4 4. Qc2 c5 5. dxc5 O-O 6. a3 Bxc5 7. Nf3 b6 8. Bf4
Nh5 9. Bg5 Be7 10. Bxe7 Qxe7 11. g4 Nf6 12. g5 Ne8 13. Rg1 Bb7 14. O-O-O Nc6
15. e3 Rc8 16. Bd3 g6 17. Rg3 Na5 18. Nd2 d5 19. cxd5 Bxd5 20. Kb1 Nd6 21. h4
Ndc4 22. Nxc4 Bxc4 23. Bxc4 Nxc4 24. h5 b5 25. Qb3 Rfd8 26. Ne4 Qb7 27. Nf6+
Kg7 28. Rxd8 Rxd8 29. Qc3 Qh1+ 30. Ka2 e5 31. e4 Qf1 32. h6+ Kh8 33. Nd5 Kg8
34. Nf6+ Kh8 35. Nd5 Kg8 36. Rd3 Rd6 37. Nf6+ Kh8 38. Rxd6 Nxd6 39. Qxe5 Qc4+
40. b3 Qe6 41. Qd4 1-0

[Event "Bad Woerishofen op"]
[Site "?"]
[Date "2003.??.??"]
[Round "9"]
[White "Sandipan, Chanda"]
[Black "Schuette, Manfred"]
[Result "1/2-1/2"]
[WhiteElo "2464"]
[BlackElo "2280"]
[Annotator "ChessOrg"]
[PlyCount "116"]

1. e4 c5 2. Nf3 d6 3. Bb5+ Bd7 4. Bxd7+ Qxd7 5. c4 Nc6 6. d4 cxd4 7. Nxd4 Nf6
8. Nc3 g6 9. f3 Bg7 10. Nde2 O-O 11. O-O a6 12. a4 Qd8 13. Kh1 Qa5 14. Be3 Rfd8
15. Nd5 Nxd5 16. exd5 Ne5 17. Qb3 Nd7 18. Rfc1 Nc5 19. Qa3 Qc7 20. a5 Re8 21.
Rab1 e6 22. b4 Nd7 23. dxe6 fxe6 24. Qb3 Rac8 25. Bd4 Ne5 26. Bb6 Qf7 27. Bd4
Qc7 28. Bxe5 Bxe5 29. f4 Bg7 30. c5 dxc5 31. Rxc5 Qe7 32. Rxc8 Rxc8 33. b5 axb5
34. Qxb5 Rc5 35. Qb6 Kf7 36. h3 Rd5 37. Ng3 Bd4 38. Qxb7 Rxa5 39. Qb8 Ra1 40.
Rxa1 Bxa1 41. Ne4 h6 42. Qc8 Bf6 43. Qc6 Qd8 44. Nd6+ Ke7 45. Nc4 Qd7 46. Qc5+
Kf7 47. Kh2 Kg7 48. Qb6 Kh7 49. Ne5 Bxe5 50. fxe5 Qf7 51. Qd4 h5 52. h4 Qf5 53.
Kg3 g5 54. hxg5 Qxg5+ 55. Kf3 Kg6 56. g3 Qf5+ 57. Ke3 Qf1 58. Qe4+ Qf5 1/2-1/2

[Event "Bad Woerishofen op"]
[Site "?"]
[Date "2003.??.??"]
[Round "9"]
[White "Buchner, Rudolf"]
[Black "Donchenko, Anatoli"]
[Result "0-1"]
[WhiteElo "2301"]
[BlackElo "2463"]
[Annotator "ChessOrg"]
[PlyCount "133"]

1. e4 c5 2. Nc3 e6 3. g3 Nc6 4. Bg2 Nf6 5. Nge2 d6 6. O-O Be7 7. d4 cxd4 8.
Nxd4 Bd7 9. Ndb5 Qb8 10. Bf4 Ne5 11. a4 O-O 12. Qd4 a6 13. Na3 Rc8 14. Rfd1 Be8
15. h3 Kf8 16. Ne2 b5 17. axb5 axb5 18. c3 Ra4 19. b4 Qa8 20. Nc2 Rc4 21. Qb6
Rc6 22. Qd4 Nfd7 23. Bxe5 Nxe5 24. f4 Bd8 25. Kh1 Bb6 26. Qd2 Nc4 27. Qe1 e5
28. Ng1 Qa7 29. Qe2 Rc8 30. Nf3 f6 31. Rf1 Kg8 32. Nh4 Qf7 33. Nf5 Rca8 34. Qd3
Qe6 35. Rfb1 g6 36. Nh6+ Kg7 37. Ng4 Bc6 38. Rxa4 bxa4 39. Nge3 Nxe3 40. Nxe3
Bxe3 41. Qxe3 a3 42. Qc1 a2 43. Ra1 Qc4 44. fxe5 dxe5 45. Qe3 Ra3 46. Qc5 Qxc5
47. bxc5 Kf8 48. Kg1 Ke7 49. Kf2 Bb5 50. Bf1 Bxf1 51. Kxf1 Kd7 52. Ke2 Kc6 53.
g4 Kxc5 54. Kd3 g5 55. Kc2 Kc4 56. Kb2 Rxc3 57. Rxa2 Rxh3 58. Ra6 Rf3 59. Rd6
Rf4 60. Kc2 Rxe4 61. Rxf6 Rxg4 62. Kd2 Kd4 63. Ke2 Ke4 64. Ra6 Rf4 65. Rh6 Rh4
66. Rf6 h5 67. Kf2 0-1

[Event "Bad Woerishofen op"]
[Site "?"]
[Date "2003.??.??"]
[Round "9"]
[White "Akstinat, Sven-Holger"]
[Black "Kohlweyer, Bernd"]
[Result "1/2-1/2"]
[WhiteElo "1987"]
[BlackElo "2484"]
[Annotator "ChessOrg"]
[PlyCount "115"]

1. e4 c5 2. d4 cxd4 3. c3 dxc3 4. Nxc3 e6 5. Nf3 a6 6. Bc4 b5 7. Bb3 Bb7 8. Qe2
d6 9. O-O Nd7 10. a3 Ngf6 11. Rd1 Be7 12. Bf4 Qb8 13. h3 O-O 14. Rd2 Rd8 15.
Rad1 Ne5 16. g4 Ng6 17. Bg3 Qc7 18. Nd4 Qb6 19. Kh2 Rac8 20. g5 Nd7 21. f4 Nc5
22. Bc2 e5 23. Nf5 Bf8 24. fxe5 dxe5 25. Nd5 Bxd5 26. Rxd5 Ne6 27. Rxd8 Rxd8
28. h4 b4 29. Rxd8 Qxd8 30. axb4 Ngf4 31. Qe1 h6 32. gxh6 g6 33. h7+ Kxh7 34.
Ne3 Qd4 35. Qc3 Bxb4 36. Qxd4 Nxd4 37. Bd1 Nd3 38. Nd5 Bd2 39. b3 f5 40. Kg2
Kg7 41. exf5 gxf5 42. Bh2 Be1 43. h5 Kh6 44. Kf1 Bh4 45. Bg1 Nb2 46. Bxd4 exd4
47. Bf3 a5 48. Nf4 Bg5 49. Ne6 d3 50. Nxg5 Kxg5 51. Ke1 a4 52. bxa4 Nxa4 53.
Kd2 Nc5 54. Ke3 Nd7 55. Kxd3 Ne5+ 56. Ke3 Nxf3 57. Kxf3 Kxh5 58. Kf4 1/2-1/2

[Event "Bad Woerishofen op"]
[Site "?"]
[Date "2003.??.??"]
[Round "9"]
[White "Prie, Eric"]
[Black "Loew, Gerald"]
[Result "1-0"]
[WhiteElo "2446"]
[BlackElo "2270"]
[Annotator "ChessOrg"]
[PlyCount "71"]

1. Nf3 c5 2. c4 g6 3. d4 cxd4 4. Nxd4 Bg7 5. e4 Nc6 6. Be3 Nf6 7. Nc3 Ng4 8.
Qxg4 Nxd4 9. Qd1 Ne6 10. Rc1 Qa5 11. Bd3 g5 12. O-O b6 13. Qd2 Bb7 14. Rfd1 Rd8
15. Bb1 h5 16. a3 h4 17. b4 Qe5 18. Nd5 g4 19. Qe2 Qh5 20. c5 bxc5 21. Bxc5 Be5
22. Bxe7 Bxd5 23. Bxd8 Nf4 24. Qe3 Bc6 25. Bf6 Nxg2 26. Rxc6 Bxf6 27. Rc8+ Ke7
28. Qd3 Rxc8 29. Qxd7+ Kf8 30. Qxc8+ Kg7 31. Rd5 Qg6 32. Kxg2 h3+ 33. Kf1 g3
34. Qxh3 gxh2 35. Qxh2 Bg5 36. Qe5+ 1-0